=LDR 00000nam 2200000 4500 =001 INLIS000000000035908 =005 20130612141728 =008 ***********************************ind** =035 ##$$0010-061300000035908 =041 ##$$a ind =082 ##$$a 291.21 =090 ##$$a 291.21, Spi s =100 ##$$a Mohammad Sobary =245 ##$$a Spiritual Baru, Agama dan Aspirasi rakyat =650 ##$$a Agama =850 ##$$a NBPNMAT